000 00510nam a22001697a 4500
005 20251108164021.0
008 250721s1997 xx 000 0 ara d
082 1 4 _a818/كون
100 1 _aالكوني، إبراهيم
245 1 0 _aدايون النثر البري :
_bأساطير /
264 1 _aطرابلس (ليبيا) :
_bالدار الجماهيرية،
_c1997.
300 _a168ص
650 1 7 _aالأدب العربي
650 1 7 _aالنثر العربي
942 _2ddc
_cBK
999 _c1518
_d1518